| 000 | nam a22 7a 4500 | ||
|---|---|---|---|
| 999 |
_c16588 _d16588 |
||
| 008 | 161115b xxu||||| |||| 00| 0 eng d | ||
| 020 | _a058223803x | ||
| 050 | _aQA 37.2 .S74 1993 | ||
| 100 | _aStepheson, G. | ||
| 245 |
_aMathematical methods for science students/ _cG. Stephenson. |
||
| 250 | _a2nd ed. | ||
| 260 |
_aUnited Kingdom : _bLongman, _c1993. |
||
| 300 |
_aix, 528p. : _bill. ; |
||
| 500 | _aincludes index. | ||
| 650 | _aMathematics. | ||
| 942 |
_2lcc _cBOOKS _hQA 37.2 .S74 1993 _01 |
||